Chess Trivia - Statistics

General Stats
  • This quiz has been taken 614 times
  • The average score is 11 of 15
Answer Stats
Type of Answer Hint Answer % Correct
Piece Moves in an "L" Shape Knight
99%
Term Rook moves adjacent to King, King teleports to the other side of the Rook Castle
89%
Person Current World Champion Magnus Carlsen
88%
Term Player has no legal moves upon their turn Stalemate
88%
Term Pawn captures diagonally to a square that an opposing pawn has just moved past En Passant
84%
Country Where Chess originated India
81%
Person Only U.S World Champion Bobby Fischer
79%
Term Opening sacrifice to gain a later advantage Gambit
77%
Term Word for giving up Resignation
77%
Engine Computer which defeated Kasparov in 1997 Deep Blue
74%
Number Minimum number of moves to checkmate Two
73%
Country Former Country which dominated the world chess championships for over 30 years Soviet Union
70%
Person The "Magician From Riga" Mikhail Tal
53%
Engine Recently defeated Stockfish 290 wins- 24 losses Alpha Zero
46%
Person World champion 3 separate times Mikhail Botvinnik
31%
No matching quizzes found
Score Distribution
Percent of People with Each Score
Percentile by Number Answered
Your Score History
You have not taken this quiz